[Event "Bamberg-Open 2019"]
[Site "Bamberg"]
[Date "2019.05.29"]
[Round "1.1"]
[White "Troyke, Doreen"]
[Black "Laznicka, Viktor"]
[Result "0-1"]
[WhiteElo "2055"]
[BlackElo "2660"]
[Annotator "TA"]
[PlyCount "100"]
[EventDate "2019.05.12"]
[EventType "swiss"]
[EventCountry "GER"]
[SourceTitle "playchess.com"]
[Source "ChessBase"]
[SourceQuality "1"]

{[%evp 9,100,47,58,51,76,30,47,49,48,24,52,45,70,50,44,17,25,11,11,16,19,12,30,9,0,0,12,0,12,0,7,-27,0,-16,-19,-17,-17,-18,-20,-27,-24,-17,-17,-29,-24,-16,-20,-17,0,0,-4,-8,-4,-42,-42,-44,-28,-30,7,0,0,0,0,0,0,0,0,0,10,-15,0,0,27,27,44,-55,-56,-61,-61,-267,-274,-955,-947,-1022,-1029,-1019,-1013,-853,-804,-896,-536,-859,-820]} 1. c4 e5 2. g3 f5 3. d4 e4 (3... d6 4. Nc3 Nf6 5. Bg2 Be7 6. b3 O-O 7. Bb2 c6 8. e3 e4 9. Nh3 d5 10. O-O Be6 11. Ng5 Bd7 12. f3 Na6 13. a3 Nc7 {½-½ (50) Howell,D (2644)-Yu,Y (2729) Doha 2016}) 4. Bg2 Nf6 5. Nh3 c6 6. Nc3 {A20: English Opening: 1...e5} Bb4 7. Bg5 h6 $146 ({Predecessor:} 7... O-O 8. O-O d6 9. f3 Bxc3 10. bxc3 Qa5 11. Bxf6 Rxf6 12. Qb3 Rh6 13. c5+ d5 14. fxe4 fxe4 {1-0 (39) Von Bahr,O (2304)-Malmstig,E (2322) Vaxjo 2013}) 8. Bxf6 {White is slightly better.} Qxf6 9. O-O d6 10. f3 exf3 11. Bxf3 O-O 12. Rc1 Na6 13. Nf2 Be6 14. a3 Bxc3 $1 15. Rxc3 Rae8 16. Qd2 Qf7 17. b3 Nc7 18. Nd3 g5 19. Rf2 Qg7 20. Ne1 Bd7 21. Nc2 f4 22. gxf4 Rxf4 23. Qxf4 gxf4+ 24. Rg2 Bf5 {[#] And now ...Bg6 would win.} 25. Rxg7+ Kxg7 26. Kf2 Kf6 27. Ne1 Ne6 28. d5 Nd4 29. dxc6 bxc6 30. Ng2 Ke5 31. e3 Nxf3 32. exf4+ Kd4 33. Rxf3 $11 {[%mdl 4096] Endgame KRB-KRN} d5 34. Ne3 Be4 35. Rh3 Rb8 36. cxd5 cxd5 37. b4 Rb6 38. Ke2 Rf6 39. Nd1 Bf5 40. Rg3 h5 41. Kd2 h4 42. Rg7 (42. Re3 $14) 42... Rc6 $1 $15 43. Ne3 Be4 44. Rd7 $2 {[#]} (44. a4 $15) 44... Rc3 $19 45. Nf1 $2 (45. Ng4) 45... Rxa3 {Black is clearly winning.} 46. Ke1 Ra1+ 47. Kf2 Ra2+ 48. Ke1 Kd3 49. f5 Re2+ 50. Kd1 Bf3 {Accuracy: White = 37%, Black = 63%.} 0-1

[Event "Bamberg-Open 2019"]
[Site "Bamberg"]
[Date "2019.05.29"]
[Round "1.2"]
[White "Plat, Vojtech"]
[Black "Guendel, Bernd"]
[Result "1-0"]
[WhiteElo "2540"]
[BlackElo "2055"]
[Annotator "RC"]
[PlyCount "103"]
[EventDate "2019.05.12"]
[EventType "swiss"]
[EventCountry "GER"]
[SourceTitle "playchess.com"]
[Source "ChessBase"]
[SourceQuality "1"]
[TimeControl "40/5400+30:900+30"]

1. e4 {[%emt 0:18:35]} c5 {[%emt 0:00:00]} 2. Nf3 {[%emt 0:00:25]} Nc6 {[%emt 0:01:39]} 3. c3 {[%emt 0:00:22]} d5 {[%emt 0:04:47]} 4. exd5 {[%emt 0:03:35]} Qxd5 {[%emt 0:00:09]} 5. d4 {[%emt 0:00:05]} Bg4 {[%emt 0:04:21]} 6. Be2 {[%emt 0:00:06]} e5 {[%emt 0:06:27]} 7. dxe5 {[%emt 0:05:48]} Bxf3 {[%emt 0:00:23]} 8. Bxf3 {[%emt 0:00:06]} Qxd1+ {[%emt 0:00:08]} 9. Bxd1 {[%emt 0:00:25]} Nxe5 {[%emt 0:01:34]} 10. Ba4+ {[%emt 0:00:04]} Nd7 {[%emt 0:04:15]} 11. O-O {[%emt 0:00:13]} O-O-O {[%emt 0:04:33]} 12. Bb3 {[%emt 0:00:06]} f6 {[%emt 0:05:00]} 13. Be6 {[%emt 0:00:08]} Bd6 {[%emt 0:02:15]} 14. Rd1 {[%emt 0:00:44]} Kc7 {[%emt 0:00:09]} 15. Na3 {[%emt 0:00:16]} a6 {[%emt 0:04:26]} 16. Be3 {[%emt 0:00:55]} Ne7 {[%emt 0:15:28]} 17. Nc4 {[%emt 0:01:49]} Ne5 {[%emt 0:00:34]} 18. Nxe5 {[%emt 0:00:16]} fxe5 {[%emt 0:00:31]} 19. Rd2 {[%emt 0:00:10]} Nc6 {[%emt 0:06:59]} 20. Rad1 {[%emt 0:00:10]} Rhe8 {[%emt 0:01:56]} 21. Bf7 {[%emt 0:02:19]} Rf8 {[%emt 0:01:36]} 22. Be6 {[%emt 0:01:34]} Rfe8 {[%emt 0:03:27]} 23. Bg4 {[%emt 0:00:05]} h6 {[%emt 0:03:56]} 24. a3 {[%emt 0:01:35]} e4 {[%emt 0:01:54]} 25. Bf5 {[%emt 0:02:30]} Ne5 {[%emt 0:02:52]} 26. Rd5 {[%emt 0:03:15]} Nc4 {[%emt 0:04:47]} 27. Bc1 {[%emt 0:04:03]} Nb6 {[%emt 0:01:34]} 28. Rxd6 {[%emt 0:02:49]} Rxd6 {[%emt 0:00:49]} 29. Bf4 {[%emt 0:00:03]} Red8 {[%emt 0:00:08]} 30. Bxe4 {[%emt 0:02:41]} Nc4 {[%emt 0:05:04]} 31. h4 {[%emt 0:04:27]} Kb6 {[%emt 0:01:19]} 32. Bxd6 {[%emt 0:00:07]} Rxd6 {[%emt 0:00:13]} 33. Rxd6+ {[%emt 0:00:10]} Nxd6 {[%emt 0:00:01]} 34. Bd5 {[%emt 0:00:14]} c4 {[%emt 0:00:38]} 35. Kf1 {[%emt 0:00:17]} Kc5 {[%emt 0:00:06]} 36. Bf3 {[%emt 0:00:06]} b5 {[%emt 0:01:03]} 37. Ke2 {[%emt 0:00:07]} a5 {[%emt 0:00:05]} 38. Ke3 {[%emt 0:00:51]} b4 {[%emt 0:01:08]} 39. axb4+ {[%emt 0:00:05]} axb4 {[%emt 0:00:04]} 40. Be4 {[%emt 0:04:07]} b3 {[%emt 0:06:08]} 41. Bg6 {[%emt 0:15:51]} Kd5 {[%emt 0:20:55]} 42. f4 {[%emt 0:00:41]} Nb5 {[%emt 0:01:52]} 43. Bf7+ {[%emt 0:06:16]} Kc5 {[%emt 0:00:23]} 44. g4 {[%emt 0:00:18]} Nd6 {[%emt 0:00:22]} 45. Be6 {[%emt 0:00:04]} Nb5 {[%emt 0:00:00]} 46. g5 {[%emt 0:00:00]} Nc7 {[%emt 0:00:00]} 47. Bf7 {[%emt 0:00:00]} Nb5 {[%emt 0:00:00]} 48. Bg8 {[%emt 0:00:00]} hxg5 {[%emt 0:00:00]} 49. fxg5 {[%emt 0:00:00]} Nd6 {[%emt 0:00:00]} 50. h5 {[%emt 0:00:00]} Nf5+ {[%emt 0:00:00]} 51. Kf4 {[%emt 0:00:00]} Ne7 {[%emt 0:00:00]} 52. Bf7 {[%emt 0:00:00] Kd5 Ke4+} 1-0

[Event "Bamberg-Open 2019"]
[Site "Bamberg"]
[Date "2019.05.29"]
[Round "1.3"]
[White "Mueller, Wolfgang"]
[Black "Pacher, Milan"]
[Result "1/2-1/2"]
[WhiteElo "2052"]
[BlackElo "2396"]
[Annotator "TA"]
[PlyCount "67"]
[EventDate "2019.05.12"]
[EventType "swiss"]
[EventCountry "GER"]
[SourceTitle "playchess.com"]
[Source "ChessBase"]
[SourceQuality "1"]

{[%evp 18,67,16,0,0,0,1,0,43,-41,-48,-52,-25,-25,-25,-12,-29,-17,0,-17,44,0,58,-8,8,-30,4,6,27,0,0,0,0,0,0,-61,0,0,0,0,0,0,-4,-8,-4,-10,0,0,0,0,8,8]} 1. e4 c5 2. Nf3 Nc6 3. d4 cxd4 4. Nxd4 e5 5. Nb5 d6 6. N1c3 a6 7. Na3 b5 8. Nd5 Nge7 9. c3 Nxd5 10. Qxd5 Bb7 {B32: Sicilian: Löwenthal and Kalashnikov Variations} 11. Be2 Na5 12. Qd3 d5 (12... Qh4 {feels hotter.} 13. Bf3 d5 14. exd5 Bxa3 15. bxa3 O-O) 13. exd5 ({Better is} 13. Qg3 $14) 13... Bxa3 $146 ({Predecessor:} 13... Qxd5 14. Qxd5 Bxd5 15. b4 Nb7 16. O-O Rc8 17. Bd2 Be7 18. Nb1 {0-1 (49) Kovar,K (2140)-Pisk,P (2305) Morava 1997}) 14. bxa3 Qxd5 15. Qg3 Qxg2 16. Qxg2 Bxg2 17. Rg1 Be4 18. Rxg7 Bg6 (18... Ke7 $11) 19. Bh6 Rc8 (19... Nc4 $11) 20. h4 ({White should try} 20. Rd1 $14) 20... Rxc3 21. h5 Rh3 {[#] And now ...Rh1+ would win.} 22. O-O-O {next Bg5 is good for White.} Nc6 {Strongly threatening ...Rc3+.} ({Wrong is} 22... Bxh5 $2 {[#]} 23. Rg5 $1 $18 {[%mdl 512]}) 23. hxg6 Rxh6 24. gxf7+ Kf8 25. Rdg1 {Threatens to win with Rg8+.} Ne7 26. Bd3 ({White should play} 26. R7g5 $11) 26... Rh2 (26... Ng6 $15 27. Rg8+ Rxg8 28. fxg8=N Kxg8) 27. a4 $11 {The position is equal.} Rxf2 (27... Ng6 $5 28. Rg8+ $8 Rxg8 29. fxg8=N Kxg8 $11) 28. axb5 axb5 29. Bxb5 {Hoping for Bc4.} Rxf7 (29... Ng6 $5 30. Rg8+ $8 Rxg8 31. fxg8=N Kxg8 $11) 30. R7g5 Ng6 31. Rh5 {Rxg6! is the strong threat.} Rg8 32. Kd2 Rgg7 33. Ke3 Ke7 34. Rd1 {Accuracy: White = 52%, Black = 36%.} 1/2-1/2

[Event "Bamberg-Open 2019"]
[Site "Bamberg"]
[Date "2019.05.29"]
[Round "1.4"]
[White "Stets, Dmitry"]
[Black "Kolthoff, Siegmund"]
[Result "1-0"]
[WhiteElo "2391"]
[BlackElo "2046"]
[Annotator "TA"]
[PlyCount "89"]
[EventDate "2019.05.12"]
[EventType "swiss"]
[EventCountry "GER"]
[SourceTitle "playchess.com"]
[Source "ChessBase"]
[SourceQuality "1"]

{[%evp 18,89,39,15,15,8,10,12,12,12,12,12,14,13,8,0,0,6,14,7,17,10,60,20,25,0,0,-34,-29,-20,2,5,3,2,8,10,10,0,69,77,79,79,83,73,161,79,159,156,149,150,149,116,281,278,278,250,294,294,380,379,400,406,389,339,308,309,374,374,423,413,583,577,591,521]} 1. e4 e5 2. Nf3 Nf6 3. Nxe5 d6 4. Nf3 Nxe4 5. d4 d5 6. Bd3 Bf5 7. O-O Be7 8. c4 O-O 9. Re1 Nc6 10. a3 Bf6 {C42: Petroff Defence: 3 Nxe5 and unusual White 3rd moves} (10... Re8 11. Bf4 Bh4 12. g3 Bg4 13. h3 Bh5 14. Nc3 Nxd4 15. Bxe4 Bxf3 16. Bxh7+ Kxh7 17. Qxd4 Bf6 18. Qd3+ {½-½ (47) Inarkiev,E (2694)-Khismatullin,D (2628) Sochi 2017}) 11. cxd5 Qxd5 12. Bxe4 Bxe4 {The position is equal.} 13. Nc3 {[%mdl 64] [#] Double Attack} Bxf3 $1 14. Nxd5 Bxd1 15. Nxf6+ gxf6 16. Rxd1 Rad8 17. Bh6 {[#] Rd3 is the strong threat.} Rfe8 18. Rd3 {aiming for Rg3+.} Ne7 $146 ({Predecessor:} 18... Kh8 19. d5 Ne7 20. Rad1 Rxd5 {½-½ (20) Voigt,R-Mueller,M (2080) Schopfenheim 1997}) 19. Rf3 f5 20. Re1 f6 21. h3 Kf7 22. Be3 Rd5 23. Rc1 Nc6 24. Rc5 $36 {[%mdl 2048] White has some pressure.} Red8 25. Rxf5 Rxf5 26. Rxf5 Nxd4 $11 {[%mdl 4096] Endgame KRB-KRN} 27. Rc5 c6 (27... Ne6 $11 28. Rc3 f5) 28. Rc4 $14 Nb5 29. Rh4 Kg7 30. a4 Rd1+ 31. Kh2 Nd6 ({Black should play} 31... Nc7) 32. Bxa7 $16 Nf5 33. Rb4 Rd7 34. g4 Nh4 $2 (34... Ne7 $16 {might work better.}) 35. Kg3 $18 Ng6 36. Rd4 Rf7 37. Rd6 b5 38. Bd4 bxa4 39. g5 Rc7 40. Rxf6 Kg8 41. h4 c5 42. Bc3 Ne7 43. Ra6 Nf5+ (43... h5 $142 44. gxh6 Kh7) 44. Kg4 Nd4 45. Rxa4 {Accuracy: White = 70%, Black = 40%.} 1-0

[Event "Bamberg-Open 2019"]
[Site "Bamberg"]
[Date "2019.05.29"]
[Round "1.5"]
[White "Carnot, Luca"]
[Black "Hacker, Jonas"]
[Result "0-1"]
[WhiteElo "2043"]
[BlackElo "2386"]
[Annotator "TA"]
[PlyCount "112"]
[EventDate "2019.05.12"]
[EventType "swiss"]
[EventCountry "GER"]
[SourceTitle "playchess.com"]
[Source "ChessBase"]
[SourceQuality "1"]

{[%evp 23,112,-31,-24,-40,0,0,18,18,18,17,17,17,17,20,21,-14,-5,-6,0,-6,-5,-21,0,0,0,-12,-12,-35,-35,-42,-42,-85,-85,-85,-85,-107,-85,-90,-78,-70,-30,-30,-30,-30,-30,-30,-30,-30,-30,-30,-30,-30,-30,-30,-30,-30,-30,-30,-30,-30,-30,-30,-30,-30,-22,-22,0,-22,0,-22,-22,-22,-22,-22,-22,-22,0,0,0,-50,-50,-75,-68,-75,-51,-43,-43,-75,-48,-344,-335]} 1. c4 e5 2. Nc3 Nf6 3. g3 d5 4. cxd5 Nxd5 5. Bg2 Nb6 6. Nf3 Nc6 7. O-O Be7 8. d3 O-O 9. Be3 f5 10. a4 a5 11. Bxb6 cxb6 12. Nd2 Be6 13. Nb5 {A29: English Opening: Four Knights Variation with 4 g3} Qd7 (13... Bc5 14. Rc1 Qe7 15. Nb3 Rac8 16. Nxc5 bxc5 17. Qd2 b6 18. Qe3 Bb3 19. Bxc6 Rxc6 20. d4 Bxa4 21. dxe5 {1-0 (41) Karlsson,L (2408)-Hulak,K (2475) Sibenik 2014}) 14. Nc4 Bxc4 $146 ({Predecessor:} 14... Bc5 15. Nxe5 Bxf2+ 16. Rxf2 Nxe5 17. Rf4 g5 18. Rd4 Qe7 19. Rc1 Rac8 20. Rxc8 Rxc8 {0-1 (40) Blot,J (2324)-Colin,V (2324) Mans 2001}) 15. dxc4 {The position is equal.} Rad8 16. Qd5+ Kh8 17. Qxd7 Rxd7 18. Rfd1 Rfd8 19. Bd5 Bc5 20. Nc3 g6 21. e3 Bb4 22. Rac1 Bxc3 23. bxc3 e4 24. Rb1 Ne5 {next ...Nxc4! is good for Black.} 25. Rdc1 Nd3 26. Rc2 Rd6 27. Rb5 Nc5 28. Ra2 g5 29. Rb1 Kg7 30. Kg2 g4 31. h3 h5 32. h4 Kf6 33. Kf1 Ke7 34. Ke2 R8d7 35. Rf1 Kd8 36. Kd2 Rc7 37. Kc2 Ke7 38. Kb2 Nd7 39. Kb3 Ne5 40. Raa1 Nd3 41. Rab1 Kd8 42. Rbd1 Nc5+ 43. Ka3 Ke7 44. Rb1 Nd3 45. Kb3 Rd8 46. Ka3 Ne5 47. Rfc1 Rdd7 48. Kb3 Rc5 49. Ka3 Rdc7 50. Rb3 Rd7 51. Rc2 Rd6 ({Much worse is} 51... Nxc4+ $6 52. Bxc4 Rxc4 53. Rxb6 $14) 52. Bxb7 Nxc4+ 53. Ka2 Kd8 54. Ba6 Ne5 55. Rb5 Nd3 {...Nb4+! is the strong threat.} 56. Rb3 $2 {[%mdl 8192] [#]} (56. Kb1 $15) 56... Nb4+ $1 {[%mdl 576] Pin. Accuracy: White = 53%, Black = 66%.} 0-1

[Event "Bamberg-Open 2019"]
[Site "Bamberg"]
[Date "2019.05.29"]
[Round "1.6"]
[White "Langheinrich, Ferenc"]
[Black "Hiemer, Bernd"]
[Result "1-0"]
[WhiteElo "2379"]
[BlackElo "2036"]
[Annotator "TA"]
[PlyCount "65"]
[EventDate "2019.05.12"]
[EventType "swiss"]
[EventCountry "GER"]
[SourceTitle "playchess.com"]
[Source "ChessBase"]
[SourceQuality "1"]

{[%evp 14,65,49,53,45,45,40,47,62,-2,54,0,0,0,0,0,0,-36,10,8,7,12,32,33,39,42,33,43,166,106,189,184,183,185,186,126,102,34,226,222,232,221,199,192,275,275,274,267,270,264,257,242,236,218]} 1. c4 Nf6 2. Nc3 g6 3. e4 d6 4. d4 Bg7 5. h3 O-O 6. Be3 c6 7. Nf3 a6 8. Bd3 b5 {E90: King's Indian: Classical: Early deviations and 6 h3} 9. e5 (9. O-O bxc4 10. Bxc4 d5 11. Bd3 dxe4 12. Nxe4 Nxe4 13. Bxe4 Be6 14. Qc2 Bd5 15. Ne5 Bxe4 16. Qxe4 {0-1 (43) Khairullin,I (2652)-Nguyen,N (2634) Berlin 2015}) 9... Ne8 10. O-O Nd7 {[%cal Rd6e5] White is slightly better.} 11. Bf4 (11. exd6 $14 exd6 12. b3) 11... Bb7 $146 ({Better is} 11... dxe5 $11 12. Nxe5 (12. dxe5 Nc7 $11) 12... Nxe5 13. Bxe5 (13. dxe5 Nc7 $11) 13... Be6) ({Predecessor:} 11... dxe5 12. dxe5 Nc5 13. Be2 Qxd1 14. Rfxd1 b4 15. Be3 Nd7 16. e6 fxe6 {1-0 (37) Cramling,D (2415)-Haugli,P (2240) Gausdal 1983}) 12. Re1 ({White should try} 12. exd6 $14 Nxd6 13. c5) 12... dxe5 $11 13. dxe5 Nc7 14. Bg3 Nc5 15. Be2 b4 16. Na4 $36 {[%mdl 2048] Black is under pressure.} Qxd1 17. Bxd1 N7e6 18. Nd4 Rad8 19. Nxe6 Nxe6 20. Bg4 Rd2 (20... Bc8 $14) 21. Rad1 (21. Bxe6 $1 $18 fxe6 22. Rad1) 21... Rfd8 (21... Rxd1 $16 {was necessary.} 22. Rxd1 Bc8) 22. Rxd2 $1 $18 Rxd2 23. Bxe6 $1 fxe6 {[#]} 24. Nc5 ({White should play} 24. Bf4 $1 $18 {[%cal Rf4d2]} Rd8 25. Be3) 24... Bc8 $16 {[#]} 25. Bf4 (25. Ne4 $1 $16 {[%cal Re4d2]} Rd8 26. Bh4) 25... Rd8 $2 (25... Rxb2 $14 26. Rd1 Kf7) 26. b3 $18 Kf7 27. h4 a5 28. g3 Rf8 (28... h6 $142 29. Kg2 Ke8) 29. Kg2 Ke8 30. Bd2 h6 31. f4 Rf5 32. g4 Rf8 33. g5 {Accuracy: White = 70%, Black = 35%.} 1-0

[Event "Bamberg-Open 2019"]
[Site "Bamberg"]
[Date "2019.05.29"]
[Round "1.7"]
[White "Birkner, Frank"]
[Black "Kurayan, Ruslan"]
[Result "0-1"]
[WhiteElo "1784"]
[BlackElo "2374"]
[Annotator "TA"]
[PlyCount "92"]
[EventDate "2019.05.12"]
[EventType "swiss"]
[EventCountry "GER"]
[SourceTitle "playchess.com"]
[Source "ChessBase"]
[SourceQuality "1"]

{[%evp 15,92,29,38,-5,0,-13,-10,-50,-52,-52,-54,-46,-34,-42,-57,-46,35,21,36,0,15,8,9,6,10,9,26,27,68,32,80,51,160,39,29,0,-36,-9,0,0,0,0,0,0,0,-172,-172,-162,-144,-161,-148,-287,-301,-286,-297,-297,-289,-286,-243,-243,-242,-370,-359,-350,-351,-778,-770,-770,-770,-1995,-1991,-1979,-1977,-1923,-1840,-1672,-1610,-977,-911]} 1. d4 Nf6 2. c4 g6 3. g3 Bg7 4. Bg2 O-O 5. Nc3 d6 6. Nf3 Nc6 7. O-O Bf5 8. d5 Na5 9. Qa4 {E62: King's Indian: Fianchetto: 6...c6 and Panno Variation (6...Nc6) without ...a6} (9. Nd2 c6 10. b4 Nxc4 11. Nxc4 Nxd5 12. Nxd5 Bxa1 13. Bh6 Bg7 14. Bxg7 Kxg7 15. Nde3 Be6 16. Qd2 d5 17. Na5 Bc8 {1-0 (57) Donchenko,A (2604)-Fressinet,L (2655) chess.com INT 2019}) 9... c5 10. Nd2 a6 11. e4 {The position is equal.} Bd7 12. Qc2 b5 13. Rb1 $146 ({Predecessor:} 13. b3 bxc4 14. bxc4 Ng4 15. Bb2 f5 16. Ne2 Bxb2 17. Qxb2 Ne5 18. Qc2 fxe4 19. Bxe4 Bh3 {1-0 (27) Veras Sanz,M (2090)-Colom Sienes,E (2089) Aragon 2018}) 13... Nxc4 14. Nxc4 bxc4 15. h3 e6 (15... Ne8 $15) 16. dxe6 $14 Bxe6 17. Rd1 Ra7 18. Bg5 {Strongly threatening e5!} h6 19. Be3 Rd7 20. f4 {And now f5 would win.} Qe7 21. Qf2 Rb8 22. Rd2 Rdb7 23. Re1 {Threatens to win with e5.} Qc7 (23... Nd7 $14) 24. e5 (24. f5 $16 Bd7 25. fxg6 fxg6 26. e5 $1 {[%mdl 512]} dxe5 27. Bxb7 Rxb7 28. Bxh6 $1 {[%mdl 512]} (28. Bxc5 Bxh3 29. Bd6 Qc6 $11)) 24... dxe5 25. fxe5 (25. g4 $11) 25... Nd7 $15 26. Nd5 Qa5 27. Ne7+ {[%mdl 64] Discovered Attack} Kh7 28. Nc6 Qxa2 29. Nxb8 Rxb8 30. b4 $2 {[#]} (30. Rxd7 $11 {and White has nothing to worry.} Bxd7 31. Qxf7) 30... cxb3 $1 $19 {aiming for ...b2.} 31. Rxa2 bxa2 32. Be4 ({Avoid the trap} 32. Bxc5 $2 Rb1 $19) 32... Nxe5 {...f5 is the strong threat.} 33. g4 (33. Bf4 $17) 33... Rb2 34. Qxb2 Nf3+ $1 {[%mdl 64] Discovered Attack} 35. Bxf3 Bxb2 36. Bxc5 a1=Q 37. Rxa1 Bxa1 {[%mdl 4096] Endgame KBB-KBB} 38. Be2 (38. Bd1 $142) 38... a5 39. Bb5 Bb3 {White must now prevent ...Bb2.} 40. Kf2 $2 (40. Ba3) 40... Bb2 {Black is clearly winning.} 41. Ke3 a4 42. Kd3 a3 43. Bxa3 Bxa3 44. Ke4 Bd6 45. Bc6 Be6 46. Kf3 Kg7 {Accuracy: White = 31%, Black = 65%.} 0-1

[Event "Bamberg-Open 2019"]
[Site "Bamberg"]
[Date "2019.05.29"]
[Round "1.8"]
[White "Hirneise, Jens"]
[Black "Minor, Viatcheslav"]
[Result "1-0"]
[WhiteElo "2375"]
[BlackElo "2032"]
[Annotator "TA"]
[PlyCount "111"]
[EventDate "2019.05.12"]
[EventType "swiss"]
[EventCountry "GER"]
[SourceTitle "playchess.com"]
[Source "ChessBase"]
[SourceQuality "1"]

{[%evp 18,111,-1,-21,19,16,16,0,19,1,25,0,58,36,66,79,92,52,119,22,39,0,149,0,0,0,58,34,34,34,35,29,12,10,31,0,0,0,0,0,20,0,0,0,0,0,0,0,0,-17,-28,-35,0,0,-2,0,0,0,0,0,0,0,0,0,0,0,0,0,0,0,0,0,10,18,70,70,245,236,172,155,344,344,313,328,448,468,807,756,2427,2504,2354,2350,1976,1600,29969,29938]} 1. e4 e6 2. d4 d5 3. Nc3 Bb4 4. e5 Ne7 5. a3 Bxc3+ 6. bxc3 c5 7. Nf3 Bd7 8. h4 Qa5 9. Bd2 Nbc6 10. a4 c4 {C19: French: 3 Nc3 Bb4: Main line: 7 Nf3 and 7 a4} 11. h5 h6 12. Qc1 (12. g3 O-O-O 13. Bh3 Kb8 14. O-O Ka8 15. Nh4 Rdg8 16. Kh2 g6 17. Ng2 Qd8 18. Ne3 Rf8 {½-½ (92) Lagno,K (2534)-Harika,D (2475) Rhodes 2013}) 12... O-O-O {The position is equal.} 13. Be2 Rdg8 $146 ({Predecessor:} 13... Kb8 14. Qa3 Ka8 15. O-O Nc8 16. Rfb1 Nb8 {1-0 (63) Niering,M (2172)-Graf,R (2185) Germany 2013}) 14. O-O g6 (14... f6 $11) 15. Nh2 $14 gxh5 16. Bxh5 Rg7 17. Ng4 Ng8 (17... Qd8 $14) 18. Qa3 (18. Qb2 $16) 18... Qd8 $1 $11 19. Bf4 Qe7 (19... Rhh7 $1 $11 {remains equal.}) 20. Ne3 (20. Qxe7 $16 {And now Qf8+ would win.} Ngxe7 21. a5) 20... Qxa3 21. Rxa3 f5 (21... f6 $1 $11) 22. f3 Nge7 23. Kf2 Ng6 24. Bh2 Nce7 25. Rg1 Nf8 26. a5 Rg5 27. g4 fxg4 28. Bxg4 h5 29. Bh3 Rxg1 30. Kxg1 Nfg6 31. Kf2 Rf8 32. Ra1 Nh4 33. Bg2 Nxg2 34. Nxg2 Ng6 35. Bg3 $1 Kc7 36. Bh4 Nxh4 37. Nxh4 {[%mdl 4096] Endgame KRB-KRN} Rg8 38. Ng2 Rh8 39. Kg3 Rg8+ 40. Kh3 Rf8 41. Kg3 Rg8+ 42. Kf2 Rh8 43. Nh4 Rg8 44. f4 Rg4 45. Ng2 Be8 {[#]} ({Better is} 45... h4 $11) 46. f5 $1 $14 {[%mdl 512]} exf5 $2 (46... Bf7 $1 $14) 47. Ne3 $18 {[%mdl 64] Double Attack} Rg5 48. Nxd5+ Kd8 $2 (48... Kc6 $16 {was worth a try.} 49. Nb4+ Kd7) 49. Nf6 f4 50. Kf3 Rg3+ 51. Kxf4 Rxc3 (51... Rg2 $142 52. d5 Rf2+ 53. Ke3 Rg2) 52. Rg1 Ba4 53. Rg8+ Ke7 54. Nd5+ {[%mdl 64] [#] Double Attack} Kf7 55. Nxc3 Kxg8 56. Nxa4 {Accuracy: White = 65%, Black = 37%.} 1-0

[Event "Bamberg-Open 2019"]
[Site "Bamberg"]
[Date "2019.05.29"]
[Round "1.9"]
[White "Waffenschmidt, Joachim"]
[Black "Scholz, Christian"]
[Result "0-1"]
[WhiteElo "1983"]
[BlackElo "2372"]
[Annotator "RC"]
[PlyCount "106"]
[EventDate "2019.05.12"]
[EventType "swiss"]
[EventCountry "GER"]
[SourceTitle "playchess.com"]
[Source "ChessBase"]
[SourceQuality "1"]
[TimeControl "40/5400+30:900+30"]

1. d4 {[%emt 0:00:00]} Nf6 {[%emt 0:00:00]} 2. c4 {[%emt 0:00:00]} g6 {[%emt 0:00:00]} 3. Nc3 {[%emt 0:00:00]} Bg7 {[%emt 0:00:00]} 4. e4 {[%emt 0:00:00]} d6 {[%emt 0:00:00]} 5. Nf3 {[%emt 0:00:00]} O-O {[%emt 0:00:00]} 6. Be2 {[%emt 0:00:16]} e5 {[%emt 0:00:07]} 7. O-O {[%emt 0:00:06]} Na6 8. Be3 {[%emt 0:04:17]} h6 {[%emt 0:00:43]} 9. h3 {[%emt 0:01:47]} exd4 {[%emt 0:00:40]} 10. Nxd4 {[%emt 0:00:45]} Re8 {[%emt 0:00:29]} 11. Qc2 {[%emt 0:03:24]} Nc5 {[%emt 0:04:17]} 12. Bf3 {[%emt 0:03:51]} Nh7 {[%emt 0:11:29]} 13. Nb3 {[%emt 0:04:50]} Ng5 {[%emt 0:07:45]} 14. Bxg5 {[%emt 0:13:56]} Qxg5 {[%emt 0:00:19]} 15. Nd5 {[%emt 0:00:46]} Ne6 {[%emt 0:04:58]} 16. Rad1 {[%emt 0:14:21]} c6 {[%emt 0:08:44]} 17. Ne3 {[%emt 0:00:21]} h5 {[%emt 0:20:55]} 18. Kh1 {[%emt 0:03:36]} Be5 {[%emt 0:01:45]} 19. Rfe1 {[%emt 0:05:47]} Qf4 {[%emt 0:04:19]} 20. Nf1 {[%emt 0:00:17]} Ng5 {[%emt 0:00:55]} 21. Re3 {[%emt 0:19:37]} Bxh3 {[%emt 0:01:13]} 22. g3 {[%emt 0:01:45]} Qf6 {[%emt 0:00:55]} 23. Bg2 {[%emt 0:00:12]} Bxg2+ {[%emt 0:07:44]} 24. Kxg2 {[%emt 0:00:53]} Ne6 {[%emt 0:02:09]} 25. Rf3 {[%emt 0:03:25]} Qg7 {[%emt 0:00:51]} 26. c5 {[%emt 0:00:35]} Rad8 {[%emt 0:03:58]} 27. cxd6 {[%emt 0:02:41]} Bxd6 {[%emt 0:01:38]} 28. Rfd3 {[%emt 0:02:04]} Qe5 {[%emt 0:02:54]} 29. R3d2 {[%emt 0:03:04]} Bc7 {[%emt 0:02:01]} 30. Rxd8 {[%emt 0:00:54]} Rxd8 {[%emt 0:00:16]} 31. Rxd8+ {[%emt 0:00:01]} Bxd8 {[%emt 0:00:13]} 32. Nbd2 {[%emt 0:00:38]} Qd4 {[%emt 0:01:29]} 33. Nf3 {[%emt 0:01:05]} Qd6 {[%emt 0:01:20]} 34. Ne3 {[%emt 0:02:48]} b5 {[%emt 0:00:54]} 35. e5 {[%emt 0:01:20]} Qd7 {[%emt 0:00:26]} 36. Qe4 {[%emt 0:01:18]} Bb6 {[%emt 0:01:19]} 37. b4 {[%emt 0:03:29]} a5 {[%emt 0:02:18]} 38. a3 {[%emt 0:01:03]} Kg7 {[%emt 0:01:46]} 39. Nc2 {[%emt 0:01:18]} c5 {[%emt 0:02:06]} 40. bxa5 {[%emt 0:01:23]} Bxa5 {[%emt 0:00:37]} 41. Ne3 {[%emt 0:15:29]} c4 {[%emt 0:20:27]} 42. a4 {[%emt 0:00:00]} bxa4 {[%emt 0:00:00]} 43. Nxc4 {[%emt 0:00:00]} Bb4 {[%emt 0:00:00]} 44. Nb6 {[%emt 0:00:00]} Qb5 {[%emt 0:00:00]} 45. Nd5 {[%emt 0:00:00]} Bc5 {[%emt 0:00:00]} 46. Nf4 {[%emt 0:00:00]} Nxf4+ {[%emt 0:00:00]} 47. Qxf4 {[%emt 0:00:00]} Qc6 {[%emt 0:00:00]} 48. Kh2 {[%emt 0:00:00]} Be7 {[%emt 0:00:00]} 49. Nd4 {[%emt 0:00:00]} Qd5 {[%emt 0:00:00]} 50. Nc2 {[%emt 0:00:55]} a3 {[%emt 0:00:00]} 51. g4 {[%emt 0:02:13]} Qd3 {[%emt 0:01:25]} 52. gxh5 {[%emt 0:01:35]} Qxc2 {[%emt 0:00:52]} 53. e6 {[%emt 0:00:29]} Qf5 {[%emt 0:01:00]} 0-1